| 000 | 01201 a2200253 4500 | ||
|---|---|---|---|
| 001 | 33636 | ||
| 005 | 20260407155627.0 | ||
| 008 | 260407a2013 arg spa d | ||
| 003 | AR-UNSa-BCEJYS | ||
| 040 |
_aAR-UNSa-BCEJYS _bspa _cAR-UNSa-BCEJYS |
||
| 080 |
_a336.76 _xBolsa. Mercado del dinero. Mercado del capital |
||
| 245 | 1 | 0 |
_aMercado de capitales _pinterpretación y actuación |
| 020 | _a978-987-1806-19-5 | ||
| 264 | 1 |
_aBuenos Aires : _bOmicron System _c2013 |
|
| 300 |
_a319 p. _c23 cm. |
||
| 505 | _a1. Mercado de capitales y sistemas financieros - 2. Inversores institucionales y calificadoras de riesgo - 3. Renta fija. Bonos - 4. Renta variable. Acciones - 5. Instrumentos financieros - 6. Fideicomisos - 7. Instrumentos derivados - 8. Carteras de inversión - 9. Estructura de capital - 10. Instrumentos financieros híbridos - 11. Fusiones y adquisiciones - 12. Finanzas internacionales | ||
| 041 | _aspa | ||
| 942 | _cBK | ||
| 590 | _aniveau_biblio:m niveau_hierar:0 | ||
| 100 | 1 | _aTapia, Gustavo N. | |
| 700 | 1 | _aCuniolo, Carlos | |
| 700 | 1 | _aPlanas, Sebastián | |
| 856 | 4 | 1 |
_uhttps://biblioeco.unsa.edu.ar/pmb/images/libros/mercado_capitales.jpg _yImagen de portada _qimage/jpeg |
| 999 |
_c2377 _d2377 |
||